|
|
|
|
| LEADER |
04170nam a22004213i 4500 |
| 001 |
EBC6955985 |
| 003 |
MiAaPQ |
| 005 |
20231204023223.0 |
| 006 |
m o d | |
| 007 |
cr cnu|||||||| |
| 008 |
231204s2018 xx o ||||0 ger d |
| 020 |
|
|
|a 9783839442197
|q (electronic bk.)
|
| 020 |
|
|
|z 9783837642193
|
| 035 |
|
|
|a (MiAaPQ)EBC6955985
|
| 035 |
|
|
|a (Au-PeEL)EBL6955985
|
| 035 |
|
|
|a (OCoLC)1046612468
|
| 040 |
|
|
|a MiAaPQ
|b eng
|e rda
|e pn
|c MiAaPQ
|d MiAaPQ
|
| 100 |
1 |
|
|a Brunner, Detlev.
|
| 245 |
1 |
0 |
|a Gewerkschaften im deutschen Einheitsprozess :
|b Möglichkeiten und Grenzen in Zeiten der Transformation.
|
| 250 |
|
|
|a 1st ed.
|
| 264 |
|
1 |
|a Bielefeld :
|b transcript,
|c 2018.
|
| 264 |
|
4 |
|c {copy}2018.
|
| 300 |
|
|
|a 1 online resource (185 pages)
|
| 336 |
|
|
|a text
|b txt
|2 rdacontent
|
| 337 |
|
|
|a computer
|b c
|2 rdamedia
|
| 338 |
|
|
|a online resource
|b cr
|2 rdacarrier
|
| 490 |
1 |
|
|a Forschung aus der Hans-Böckler-Stiftung
|
| 505 |
0 |
|
|a Cover -- Inhalt -- Die Gewerkschaften im deutschen Einheitsprozess. Eine Einleitung -- Deutschlandpolitik der Gewerkschaften in den 1980er-Jahren. DGB und FDGB -- 1. First and last contact: 1972 und 1989 -- 2. Deutsch-deutsche Krisendynamiken: Die 1970er-Jahre -- 3. Überraschende Dialoge und Positionsbestimmungen: die 1980er-Jahre -- 4. Subkutane Annäherung im »Zweiten Kalten Krieg« -- 5. Grenzen der Entspannung -- Gewerkschaften und deutsche Einheit -- 1. Die Wahrnehmung und Begleitung der friedlichen Revolution in der DDR durch den DGB -- 2. Der Aufbau des DGB und der DGB-Gewerkschaften in den neuen Bundesländern -- 3. Soziale Gleichheit, sozialverträgliche Abwicklung und struktureller Neuanfang - Konzepte und Aktivitäten der Gewerkschaften im geeinten Deutschland -- 4. Fazit -- Betriebliche und gewerkschaftliche Basisbewegungen 1989/90 in der DDR -- 1. Die Gewerkschaften der DDR im Herbst 1989 -- 2. Die Rolle von Betrieben in der demokratischen Revolution -- 3. Opposition und »betriebliche Wende« -- 4. Die Initiative für unabhängige Gewerkschaften (IUG) -- 5. »Gründungsfieber« in den DDR-Betrieben -- 6. Das Jahr 1990: Gewerkschaftseinheit und Betriebsratswahlen -- 7. Resümee und Ausblick -- Gewerkschaftspolitik in der Transformation. Anmerkungen zum Forschungsstand -- 1. Transformationsphase -- 2. Tarifpolitik -- 3. Treuhandanstalt -- Beziehungsgeschichten von Treuhandanstalt und Gewerkschaften in der ostdeutschen Transformationslandschaft. Konflikte, Kooperationen, Alltagspraxis -- 1. Einleitung: Annäherungen an ein schwieriges Verhältnis -- 2. Konfliktgeschichten: Gegner im »Schlachthaus Ost« -- 3. Kooperationsgeschichten: Partner beim »Aufschwung Ost« -- 4. Praxis- und Alltagsgeschichten: »Gespaltene Erfahrungen« -- 5. Fazit: Treuhandanstalt und Gewerkschaften in der Geschichte der Transformationszeit.
|
| 505 |
8 |
|
|a Möglichkeiten und Grenzen für Gewerkschaften im Verwaltungsrat der Treuhandanstalt -- Fazit -- Tarifpolitik in der Transformation. Oder: Das Problem »stellvertretender Tarifautonomie« -- 1. Tarifpolitik im Zeichen der Einheit -- 2. Tarifpolitik in der Transformationskrise - oder: Von der Tarifangleichung zur Persistenz ostdeutscher Besonderheit -- 3. Das etwas andere ostdeutsche System industrieller Beziehungen als Ergebnis der historischen Ereignisse -- Der Streik der IG Metall zur Verteidigung des Stufentarifvertrags in den neuen Bundesländern im Jahre 1993 -- Die Autorinnen und Autoren.
|
| 588 |
|
|
|a Description based on publisher supplied metadata and other sources.
|
| 590 |
|
|
|a Electronic reproduction. Ann Arbor, Michigan : ProQuest Ebook Central, 2023. Available via World Wide Web. Access may be limited to ProQuest Ebook Central affiliated libraries.
|
| 655 |
|
4 |
|a Electronic books.
|
| 700 |
1 |
|
|a Kuhnhenne, Michaela.
|
| 700 |
1 |
|
|a Simon, Hartmut.
|
| 776 |
0 |
8 |
|i Print version:
|a Brunner, Detlev
|t Gewerkschaften im deutschen Einheitsprozess
|d Bielefeld : transcript,c2018
|z 9783837642193
|
| 797 |
2 |
|
|a ProQuest (Firm)
|
| 830 |
|
0 |
|a Forschung aus der Hans-Böckler-Stiftung
|
| 856 |
4 |
0 |
|u https://ebookcentral.proquest.com/lib/matrademy/detail.action?docID=6955985
|z Click to View
|